000 00893nam a2200277 i 4500
001 000007179
003 DO-SdBNP
005 20250409143713.0
007 ta
008 090907s1978 dr 000 0 spa d
040 _aDO-SdBNP
_bspa
_cBNPHU
_erda
082 4 _a398.2097293
_bL125s
_222
100 1 _aLabourt, José,
_d1951-
_eautor
_4aut.
_919935
245 1 0 _aSana, sana, culito de rana... /
_cJosé Labourt.
264 4 _aSanto Domingo :
_bEditora Taller,
_c1978.
300 _a256 páginas :
_bilustraciones ;
_c21 cm.
336 _atexto
_btxt
_2rdacontent
337 _asin mediación
_bn
_2rdamedia
338 _avolumen
_bnc
_2rdacarrier
590 _aInventariado, 2022/BT
650 0 _aFolclore
_zRepública Dominicana
_933448
650 4 _aLeyendas
_919936
650 4 _aArtículos de prensa
_943
651 4 _aRepública Dominicana
_xVida social y costumbres
_9405
942 _2ddc
_cLBS1
999 _c6960
_d6960